Music Quiz

Random Music or Album Quiz

Queen Albums Quiz Stats

 Plays Quiz Updated Sep 10, 2019

Score 0/15 Timer 04:00
25 Plays Today
Year Album % Correct
1973Queen
94.7%
1975A Night At The Opera
90.8%
1974Queen II
88.3%
1976A Day at the Races
84.3%
1974Sheer Heart Attack
76.8%
1978Jazz
75.9%
1991Innuendo
75.6%
1977News of the World
74.2%
Year Album % Correct
1980The Game
70.8%
1986A Kind of Magic
70%
1980Flash Gordon
69.8%
1982Hot Space
67.6%
1989The Miracle
66.7%
1984The Works
66.5%
1995Made in Heaven
66.1%

You're not logged in!

Compare scores with friends on all Sporcle quizzes.
OR
Log In

Sporcle TV

Today on Sporcle TV


Watch our educational content, quiz creation guides, and fun videos on Sporcle TV.

Show Comments

Extras

Top Quizzes Today


Score Distribution

Your Account Isn't Verified!

In order to create a playlist on Sporcle, you need to verify the email address you used during registration. Go to your Sporcle Settings to finish the process.

Report this User

Report this user for behavior that violates our Community Guidelines.

Details: